| 000 | 00442nam a2200181Ia 4500 | ||
|---|---|---|---|
| 003 | GCL | ||
| 008 | 140319s9999 xx 000 0 eng d | ||
| 040 |
_aGCL / _cGCL |
||
| 082 | 0 | 4 |
_a794.735 _bE E |
| 100 | 1 | _aEVERTON, CLIVE | |
| 245 | 1 | 0 |
_aTHE EMBASSY BOOK OF WORLD SNOOKER / _cEVERTON, CLIVE |
| 260 |
_a[S.N] : _bBLOOMSBURY ، _c1993 |
||
| 300 | _a192 P | ||
| 650 | 0 | 4 | _aGAMES |
| 650 | 0 | 4 | _aSNOOKER |
| 650 | 0 | 4 | _aSNOOK |
| 942 |
_2ddc _cBK |
||
| 999 |
_c25576 _d25576 |
||